000 00406nam a22001337a 4500
040 _cNUST
082 _a355.02,TAH
100 _aSarwar, Dr. Tahira
_9105660
245 _aAsaker e Pakistan ki Adbi Khidmaat (عسا کر پاکستان کی ادبی خدمات) /
_cDr. Tahira Sarwar
260 _aLahore
_bSanjh
_c2019
300 _a744 p.:
650 _aUrdu Nasar
_9105666
942 _2ddc
_cBK
_m355.02,TAH
999 _c592779
_d592779